Modern microwave circuits-(E-BOOK) (Record no. 191559)
[ view plain ]
| 000 -LEADER | |
|---|---|
| fixed length control field | 00914 a2200205 4500 |
| 003 - CONTROL NUMBER IDENTIFIER | |
| control field | Nust |
| 005 - DATE AND TIME OF LATEST TRANSACTION | |
| control field | 20170207154018.0 |
| 010 ## - LIBRARY OF CONGRESS CONTROL NUMBER | |
| LC control number | 2005041998 |
| 020 ## - INTERNATIONAL STANDARD BOOK NUMBER | |
| International Standard Book Number | 1580537251 (alk. paper) |
| 040 ## - CATALOGING SOURCE | |
| Transcribing agency | Nust |
| 082 00 - DEWEY DECIMAL CLASSIFICATION NUMBER | |
| Classification number | 621.381/32 |
| 100 1# - MAIN ENTRY--PERSONAL NAME | |
| Personal name | Kinayman, Noyan. |
| 245 10 - TITLE STATEMENT | |
| Title | Modern microwave circuits-(E-BOOK) |
| Statement of responsibility, etc. | Noyan Kinayman, M.I. Aksun. |
| 260 ## - PUBLICATION, DISTRIBUTION, ETC. | |
| Place of publication, distribution, etc. | Boston, Mass. : |
| Name of publisher, distributor, etc. | Artech House, |
| Date of publication, distribution, etc. | c2005. |
| 300 ## - PHYSICAL DESCRIPTION | |
| Extent | xiv, 604 p. : |
| Other physical details | ill. ; |
| Dimensions | 24 cm. + |
| Accompanying material | 1 CD-ROM (4 3/4 in.). |
| 440 #0 - SERIES STATEMENT/ADDED ENTRY--TITLE | |
| Title | Artech House microwave library |
| 505 ## - FORMATTED CONTENTS NOTE | |
| Formatted contents note | Chapter 1 Microwave Network Theory (Page-1) Chapter 2 Microwave Printed Circuits (Page-141) Chapter 3 Full-Wave Analysis of Printed Circuits (Page-211) Chapter 4 Microstrip Patch Antennas (Page-291) Chapter 5 Microstrip Coupled Lines (Page-357) Chapter 6 Microstrip Filters (Page-415) Chapter 7 Microwave Lumped Elements (Page-533) |
| 650 #0 - SUBJECT ADDED ENTRY--TOPICAL TERM | |
| Topical term or geographic name entry element | Microwave circuits. |
| 700 1# - ADDED ENTRY--PERSONAL NAME | |
| Personal name | Aksun, M. I. |
| 942 ## - ADDED ENTRY ELEMENTS (KOHA) | |
| Source of classification or shelving scheme | |
| Koha item type | Book |
| Withdrawn status | Lost status | Source of classification or shelving scheme | Damaged status | Not for loan | Collection code | Permanent Location | Current Location | Date acquired | Total Checkouts | Full call number | Barcode | Date last seen | Price effective from | Koha item type |
|---|---|---|---|---|---|---|---|---|---|---|---|---|---|---|
| Military College of Signals (MCS) | Military College of Signals (MCS) | 12/12/2016 | 621.38132 KIN | MCSEB-752 | 12/08/2016 | 12/12/2016 | Book |
